Top 10 Most Popular NCS Songs From 2020 - Statistics

General Stats
  • This quiz has been taken 9 times
  • The average score is 9 of 10
Answer Stats
Creator Title Views % Correct
Besomorph, Arcando, Neoni Army 10M
100%
Clarx, Harddope Castle 10M
100%
Cartoon, Jeja, Asena Howling 11M
100%
Unknown Brain, Hoober, Dax, Vindon Phenomenon 12M
100%
Diamond Eyes 23 7,3M
83%
Blooom Be Around 9,2M
83%
Cartoon, Jeja, Asena Howling (Andromedik Remix) 11M
83%
The Same Persons Versace 7,8M
83%
Xaia, Rain Man, Oly Breakdown 7,4M
67%
Lost Sky Need You 8,2M
67%
No matching quizzes found
Score Distribution
Percent of People with Each Score
Percentile by Number Answered
Your Score History
You have not taken this quiz